Statistiques concernant Focus sur: Angelica Cole - Harry Potter

Cliquez ici pour prendre le quiz!

Statistiques générales

  • Ce quiz a été pris 40 fois
  • Le résultat moyen est 4 sur 5

Statistiques - réponses

Informations recherchéesRéponses% Correct
Première apparitionHarry Potter : Secret à Poudlard
100%
Ecole fréquentéePoudlard
100%
Maison fréquentéeGryffondor
94%
Couleur des cheveuxBrun
78%
ProfessionDresseuse de trolls
14%

Distribution des résultats

Percentile par nombre de réponses

% des personnes avec chaque résultat

Votre développement - résultats

Vous n’avez pas pris ce quiz